000 00867nam a2200289Ia 4500
003 OSt
005 20221006144215.0
006 a|||||r|||| 00| 0
007 ta
008 221006b |||||||| |||| 00| 0 eng d
020 _a0231066562
_c£21.00
024 _a11,136
037 _cTextual
040 _aEASL
_cEASL
_beng
041 _2eng
_aeng
082 _aR8412, M88
100 _aHABOUSH JaHyun Kim
_9651113
245 0 _aHeritage of kings
_b One man's monarchy in the confucian world
260 _aNew York
_bColumbia University Press
_c1988
300 _a327p.
_ccm.
490 _v KEL
_aStudies in oriental culture, Number 21
650 _a Confucianism and states - Korea
_9651114
650 _a KEL
650 _aYongjo king of Korea
_9651115
942 _hR8412, M88
_cTEXL
_2CC
999 _c1079222
_d1079222